Missing Word: A-Z Movies IV Quiz Stats

 Plays Quiz Updated Sep 26, 2016

Challenge
Share
Tweet
Embed
Score 0/26 Timer 03:00
0 Plays Today
Movie Missing Word A-Z % Correct
Back to the ____Future
95.6%
Finding ____Nemo
95.5%
No Country for ____ MenOld
94.1%
Good Will ____Hunting
93.8%
How to Train ____ DragonYour
92.8%
The ____ CompassGolden
90.7%
Fight ____Club
90.2%
The Grapes of ____Wrath
89.2%
Citizen ____Kane
88.3%
Dial M for ____Murder
87.6%
A ____ MindBeautiful
87%
Blade ____Runner
86.5%
Taxi ____Driver
86.5%
Movie Missing Word A-Z % Correct
Shutter ____Island
86.3%
Terminator 2: ____ DayJudgment
85.7%
The ____ SuspectsUsual
83.4%
12 ____ MenAngry
83.1%
____ of SolaceQuantum
79.9%
The ____ BridePrincess
79.8%
Who's Afraid of ____ Woolf?Virginia
76%
____: First ClassX-Men
74.9%
Gran ____Torino
74.9%
____ and Miri Make a PornoZack
65%
Black ____Swan
55.1%
The Man Who Shot ____ ValanceLiberty
41.2%
The ____ ManElephant
41.2%

Today's Daily Dose

You're not logged in!

Compare scores with friends on all Sporcle quizzes.
Join for Free
OR
Log In

You Might Also Like...

Show Comments

Extras

Top Quizzes Today


Score Distribution

Your Account Isn't Verified!

In order to create a playlist on Sporcle, you need to verify the email address you used during registration. Go to your Sporcle Settings to finish the process.

Report this User

Report this user for behavior that violates our Community Guidelines.

Details: